Повышение квалификации сотрудников НТБ: позиция Петербургской Школы информационных работников; Научные и технические библиотеки; № 6

Bibliographic Details
Parent link:Научные и технические библиотеки: ежемесячный сборник по вопросам теории и практики библиотечного дела/ Государственная публичная научно-техническая библиотека России.— , 1994-.— 0130-9765
№ 6.— 2003.— С. 72-82
Main Author: Коврижных Е. В. Елена Викторовна
Other Authors: Минкина В. А. Валентина Альфредовна, Рудакова Н. В. Наталья Васильевна
Language:Russian
Published: 2003
Series:Профессиональная квалификация
Subjects:
Format: Book Chapter
KOHA link:https://koha.lib.tpu.ru/cgi-bin/koha/opac-detail.pl?biblionumber=396072

MARC

LEADER 00000naa2a2200000 4500
001 396072
005 20231101064726.0
035 |a (RuTPU)RU\TPU\prd\33845 
035 |a RU\TPU\prd\33844 
090 |a 396072 
100 |a 20050316a2003 k y0rusy50 ca 
101 0 |a rus 
102 |a RU 
200 1 |a Повышение квалификации сотрудников НТБ: позиция Петербургской Школы информационных работников  |f Е. В. Коврижных, В. А. Минкина, Н. В. Рудакова 
225 1 |a Профессиональная квалификация 
461 0 |0 (RuTPU)RU\TPU\prd\1594  |x 0130-9765  |t Научные и технические библиотеки  |o ежемесячный сборник по вопросам теории и практики библиотечного дела  |f Государственная публичная научно-техническая библиотека России  |d 1994- 
463 0 |0 (RuTPU)RU\TPU\prd\17942  |t № 6  |v С. 72-82  |d 2003 
610 1 |a обучение сотрудников 
610 1 |a концепция обучения 
610 1 |a содержание обучения 
610 1 |a методическое обеспечение 
610 1 |a квалификация 
610 1 |a сотрудники библиотеки 
610 1 |a Петербургская школа 
610 1 |a информационные работники 
610 1 |a повышение 
700 1 |a Коврижных  |b Е. В.  |g Елена Викторовна 
701 1 |a Минкина  |b В. А.  |g Валентина Альфредовна 
701 1 |a Рудакова  |b Н. В.  |g Наталья Васильевна 
801 1 |a RU  |b 63413507  |c 20050311  |g PSBO 
801 2 |a RU  |b 63413507  |c 20170119  |g PSBO 
942 |c BK